000 00693nam a2200289Ia 4500
005 20260324112634.0
008 008 260324s9999 xx 000 0 eng d
020 _a9781003542520
037 _aEBOOK
040 _aCRL
040 _beng
040 _cCRL
041 _2eng
041 _aeng
084 _qCRL
100 _aAkashdeep Bhardwaj
_91143534
245 0 _aMastering Cybersecurity
245 2 _bA Practical Guide for Professionals (Volume 1)
260 _bTaylor and Francis
260 _c2024
365 _a
365 _b225
856 _uhttp://www.taylorfrancis.com/books/9781003542520
942 _cEBOOK
999 _c1732818
_d1732818